00410 2200157 4500001002100000005001500021035002000036245005600056100002000112300002600132260003500158082000800193084001400201020002200215990001500237INLIS00000000000314320251118014240 a0010-11250000041 aAmalan Ringan Paling Menakjubkan /cSyekh Ali Jaber0 aSyekh Ali Jaber a208 hlm ;c15 x 23 cm aJakarta :bZikrul Hakim,c2021 a200 a200 SYE a a978-602-342-099-5 a19594/H/26